| 000 | 00598nam a22001817a 4500 | ||
|---|---|---|---|
| 003 | BUBTL | ||
| 008 | 191112b xxu||||| |||| 00| 0 eng d | ||
| 020 | _a978-984-90715-4-9 | ||
| 082 | _a340.07 / KHL | ||
| 100 |
_92453 _aখান, আরিফ |
||
| 245 |
_aলিগ্যাল রিসার্চ : _bপদ্ধতি ও কৌশল / _cআরিফ খান |
||
| 260 |
_aঢাকা : _bবেঙ্গল ল বুকস, _cc2014. |
||
| 300 |
_a143 p. : _c21 cm. |
||
| 650 | 0 |
_926 _aLaw |
|
| 856 |
_k0 _l0 _yDownload |
||
| 942 |
_2ddc _cBK |
||
| 999 |
_c6149 _d6149 |
||